ՀՀ Գիտությունների ազգային ակադեմիայի հիմնարար գիտական գրադարան  =   Fundamental Scientific Library of NAS RA

Практические занятия по физиологии человека и животных : (Record no. 317706)

MARC details
000 -LEADER
fixed length control field 01328nam a2200289 a 4500
001 - CONTROL NUMBER
control field 000929178
003 - CONTROL NUMBER IDENTIFIER
control field AM-YeHGA
005 - DATE AND TIME OF LATEST TRANSACTION
control field 20250617145736.0
008 - FIXED-LENGTH DATA ELEMENTS--GENERAL INFORMATION
fixed length control field 121120s1974 ||||||||r|||||000|0|rus|d
040 ## - CATALOGING SOURCE
Original cataloging agency AM-YeHGA
041 0# - LANGUAGE CODE
Language code of text/sound track or separate title rus
090 ## - LOCALLY ASSIGNED LC-TYPE CALL NUMBER (OCLC); LOCAL CALL NUMBER (RLIN)
-- 319437
245 10 - TITLE STATEMENT
Title Практические занятия по физиологии человека и животных :
Remainder of title учебное пособие для студентов биологических факультетов /
Statement of responsibility, etc. С.А. Георгиева [и др.] ; Куйбышевский государственный педагогический институт им. В.В. Куйбышева.
260 ## - PUBLICATION, DISTRIBUTION, ETC.
Place of publication, distribution, etc. Куйбышев :
Name of publisher, distributor, etc. КГПИ,
Date of publication, distribution, etc. 1974.
300 ## - PHYSICAL DESCRIPTION
Extent Часть
-- 22 см.
505 0# - FORMATTED CONTENTS NOTE
Miscellaneous information Ч. 1 (1974,108 с., табл.)
650 14 - SUBJECT ADDED ENTRY--TOPICAL TERM
Topical term or geographic name entry element Физиология
650 14 - SUBJECT ADDED ENTRY--TOPICAL TERM
Topical term or geographic name entry element Физиологические процессы
650 14 - SUBJECT ADDED ENTRY--TOPICAL TERM
Topical term or geographic name entry element Человек
650 14 - SUBJECT ADDED ENTRY--TOPICAL TERM
Topical term or geographic name entry element Животное
650 14 - SUBJECT ADDED ENTRY--TOPICAL TERM
Topical term or geographic name entry element Учебные пособия
700 1# - ADDED ENTRY--PERSONAL NAME
Personal name Георгиева, С.А.
700 1# - ADDED ENTRY--PERSONAL NAME
Personal name Меркулова, Н.А.
700 1# - ADDED ENTRY--PERSONAL NAME
Personal name Полтырев, С.С.
700 1# - ADDED ENTRY--PERSONAL NAME
Personal name Сергиевский, М.В.
710 1# - ADDED ENTRY--CORPORATE NAME
Corporate name or jurisdiction name as entry element Куйбышевский государственный педагогический институт им. В.В. Куйбышева
Holdings
Withdrawn status Lost status Damaged status Not for loan Collection Home library Current library Date acquired Total checkouts Full call number Barcode Date last seen Price effective from Koha item type Public note
        General Fundamental Scientific Library Fundamental Scientific Library 09/01/2017   PII/343361 FL0283948 09/01/2017 09/01/2017 Գրքեր / Books 30 Days Loan


ՀՀ ԳԱԱ հիմնարար գիտական գրադարան
ՀՀ,Երևան 0019
Մարշալ Բաղրամյան 24/6
հեռախոս:(374-10) 52-47-50
Հետադարձ կապ

All site content, except where otherwise noted, is licensed under a
Creative Commons License